Autobiografía
Guardat en:
| Autor principal: | |
|---|---|
| Format: | Llibre |
| Idioma: | espanyol |
| Publicat: |
Buenos Aires
Aguilar
1970
|
| Matèries: | |
| Etiquetes: |
Afegir etiqueta
Sense etiquetes, Sigues el primer a etiquetar aquest registre!
|
MARC
| LEADER | 00000nam a2200000 a 4500 | ||
|---|---|---|---|
| 001 | UCV8353 | ||
| 003 | CL-VaPUC | ||
| 008 | 910422e19700000AG |||||||||||||||||spa|d | ||
| 082 | 0 | 4 | |a 921.5 |b VIC |2 21 |
| 100 | 0 | |a Vico, Giambattista |e author |9 266513 | |
| 245 | 1 | 0 | |a Autobiografía |
| 300 | |a 155 p | ||
| 942 | |c BK | ||
| 945 | |d 19910422 00:00:00 | ||
| 260 | |a Buenos Aires |b Aguilar |c 1970 | ||
| 600 | 0 | 7 | |a VICO, GIAMBATTISTA |2 CL-VaPUC |9 266513 |
| 650 | 0 | |a Autobiografías |9 265171 | |
| 583 | |a last modification |c 19910422 00:00:00 |k Rodrigo Vera | ||
| 999 | |c 213885 |d 213883 | ||
| 952 | |0 0 |1 0 |4 0 |6 921_500000000000000_VIC_1970 |7 0 |8 P |9 196720 |a BIBARQ |b BIBARQ |d 2019-11-14 |i 264536K |l 1 |o 921.5 VIC 1970 |p 264536K |r 2025-01-20 |s 2024-05-23 |w 2019-11-14 |y BK |k ARQ | ||